000 00612nam a2200241 i 4500
001 C2-0105029
003 PPAK
005 20180727101334.0
008 970603s1991 nju |||| ||||| | eng d
020 _a0671741667
040 _aPPAK
_beng
_cPPAK
_erda
082 0 4 _a823
_223
090 0 0 _a823
_bBYA
_dK
100 1 _aByars, Betsy,
_eauthor
245 1 4 _aThe moon and I
264 1 _aNew Jersey :
_bJulian Messner ,
_c1991
300 _a96 pages ;
_c23 cm
336 _2rdacontent
_atext
337 _2rdamedia
_aunmediated
338 _2rdacarrier
_avolume
650 1 0 _aEnglish fiction
942 _ddc
_cB
999 _c25272
_d25272